|
|
|
|
| LEADER |
00000nam2a2200000 4500 |
| 001 |
63486 |
| 005 |
20231031064315.0 |
| 010 |
|
|
|a 5932640162
|
| 035 |
|
|
|a (RuTPU)RU\TPU\book\67376
|
| 090 |
|
|
|a 63486
|
| 100 |
|
|
|a 20040513d2003 m y0rusy50 ca
|
| 101 |
0 |
|
|a rus
|
| 102 |
|
|
|a RU
|
| 105 |
|
|
|a y z 001ay
|
| 200 |
0 |
|
|a Т. 7: Закат старого века. Дрогнувшая ночь
|
| 210 |
|
|
|d 2003
|
| 215 |
|
|
|a 752 с.
|
| 320 |
|
|
|a Примечания: с. 717-749.
|
| 461 |
|
1 |
|0 (RuTPU)RU\TPU\book\106654
|y 5-93264-019-7
|t Собрание сочинений
|o в 10 т.
|f А. В. Амфитеатров
|v Т. 7: Закат старого века. Дрогнувшая ночь
|d 2000-
|
| 610 |
1 |
|
|a русская литература
|
| 610 |
1 |
|
|a романы
|
| 801 |
|
1 |
|a RU
|b 63413507
|c 20040513
|g PSBO
|
| 801 |
|
2 |
|a RU
|b 63413507
|c 20060828
|g PSBO
|
| 942 |
|
|
|c BK
|